| 000 | 00504nam a22001577a 4500 | ||
|---|---|---|---|
| 020 | _qHard Cover. | ||
| 082 | _a004 | ||
| 100 | _aMuhammad Salman. | ||
| 245 |
_aURL Based Phishing Detection Using a Hybrid Approach / _cMuhammad Salman. |
||
| 260 |
_aIslamabad : _bCEME - NUST, _c2017. |
||
| 300 |
_a49 p. : ill. ; _c30cm. |
||
| 650 |
_aComputer Software Engineering-MS-Thessis. _931477 |
||
| 700 |
_aDr. Usman Qamar. _918579 |
||
| 942 |
_2ddc _cTHE |
||
| 999 |
_c536361 _d536361 |
||